| 000 | 00963nam a2200277 i 4500 | ||
|---|---|---|---|
| 001 | 000039934 | ||
| 003 | DO-SdBNP | ||
| 005 | 20260323142127.0 | ||
| 007 | ta | ||
| 008 | 130730s2006 dr ad 000 0 spa d | ||
| 040 |
_aDO-SdBNP _bspa _cBNPHU _erda |
||
| 041 | _aspa | ||
| 082 |
_axxx _bR426p _222 |
||
| 110 |
_aRepública Dominicana. _bOficina Nacional de Estadistica _95775 |
||
| 245 | 0 | 0 |
_aProyecciones nacionales de población por sexo y grupos quincenales : 1980-2050 : _bversión preliminar. |
| 264 |
_aSanto Domingo : _bOficina Nacional de Estadística (ONE), _c2006. |
||
| 300 |
_a96 páginas : _bilustraciones gráficas. ; _c28 cm. |
||
| 336 |
_ardacontent _btexto _2txt |
||
| 337 |
_ardamedia _bsin mediación _2n |
||
| 338 |
_ardacarrier _bvolumen _2nc |
||
| 504 | _aBibliografía : página 95-96 | ||
| 590 | _aInventariado, 2026/DG | ||
| 710 | 1 |
_aRepública Dominicana. _bOficina Nacional de Estadística _95775 |
|
| 910 | _aDG | ||
| 942 |
_2ddc _cLBS1 |
||
| 999 |
_c39424 _d39424 |
||